000 00647nam a22002297a 4500
999 _c322158
_d322158
001 35852
003 UA-OsUOA
005 20200729192551.0
007 ta
008 20051221b un ||||| |||| 00| 0 ukr d
040 _aUA-OsUOA
_bukr
_cUA-OsUOA
_dUA-OsUOA
041 _aukr
080 _a94(477)06
090 _a94(477)06
_bГ46
100 _aГірняк Н.
245 _aОстанній акт трагедії української галицької армії
260 _bУВ-ІІ у США
_c1959
300 _a114 с.
650 7 _a9 Географія. Біографії. Історія
_2UDC
942 _cBK
_2udc
955 _a2